000 00410nam a22001697a 4500
003 NUST - PNEC
005 20170116181130.0
008 151006b xxu||||| |||| 00| 0 eng d
020 _a0751308188
040 _cLIBRARY
082 _a658 HEL
100 _913902
_aHeller, R.
245 _aPeter drucker
_cRobert Heller
260 _cc.2000
650 _913908
_aBusiness management
_xMIS
942 _2ddc
_cBK
999 _c69921
_d69921